| 000 -CABECERA |
| Campo de control de longitud fija |
01188nam a22002897a 4500 |
| 001 - NÚMERO DE CONTROL |
| Campo de control |
BH32744 |
| 003 - IDENTIFICADOR DEL NÚMERO DE CONTROL |
| Campo de control |
ES-SlBCS |
| 005 - FECHA Y HORA DE LA ÚLTIMA TRANSACCIÓN |
| Campo de control |
20260619090308.0 |
| 008 - CÓDIGOS DE INFORMACIÓN DE LONGITUD FIJA |
| Campo de control de longitud fija |
260619s1721 it a b 1 lat |
| 040 ## - FUENTE DE LA CATALOGACIÓN |
| Centro catalogador del origen |
ES-SIBCS |
| Lengua de catalogación |
spa |
| 041 ## - CÓDIGO DE LENGUA |
| Código de lengua del texto/banda sonora o título independiente |
lat |
| Código de lengua original |
lat |
| 100 1# - PUNTO DE ACCESO PRINCIPAL-NOMBRE DE PERSONA |
| Nombre de persona |
Lucano, Marco Anneo |
| 9 (RLIN) |
10660 |
| Fechas asociadas al nombre |
(39-65) |
| 240 10 - TÍTULO UNIFORME |
| Título uniforme |
<a href="Pharsalia">Pharsalia</a> |
| 245 10 - MENCIÓN DE TÍTULO |
| Título |
M. Annaei Lucani Pharsalia. |
| Resto del título |
Sive de Bello civili Caesaris et Pompeii |
| Mención de responsabilidad, etc. |
Additae sunt sine Hugonis Grotii notae ex binis antehac editis junctae correctae et Thomae Farnabii |
| 246 30 - VARIANTE DE TÍTULO |
| Título propio / Titulo en breve |
Pharsalia |
| 260 ## - PUBLICACIÓN, DISTRIBUCIÓN, ETC... (PIE DE IMPRENTA) |
| Lugar de publicación, distribución, etc. |
Patavii : |
| Nombre del editor, distribuidor, etc. |
Typis Seminarii. Apud Io. Manfré |
| Fecha de publicación, distribución, etc. |
, 1721 |
| 300 ## - DESCRIPCIÓN FÍSICA |
| Extensión |
[24], 430, p.; |
| Dimensiones |
17 cm |
| 505 ## - NOTA DE CONTENIDO CON FORMATO |
| Nota de contenido con formato |
Pharsalia |
| Título |
Liber primus 1 Liber II 37 Liber III 73 Liber IV 109 Liber V 149 Liber VI 188 Liber VII 229 Liber VIII 272 Liber IX 312 Liber X 560 |
| 561 ## - NOTA DE PROCEDENCIA |
| Procedencia |
Convento de Jerez |
| 599 ## - NOTA SOBRE LA ILUSTRACIÓN |
| Nota sobre la ilustración |
Frontispicio calcográfico alegórico a la guerra civil: Joseph Abbiati Sculpsit |
| 650 ## - PUNTO DE ACCESO ADICIONAL DE MATERIA-TÉRMINO DE MATERIA |
| Término de materia o nombre geográfico como elemento inicial |
Autores latinos |
| Subdivisión de materia general |
Epopeya |
| 9 (RLIN) |
10661 |
| Subdivisión cronológica |
Obras anteriores a 1800 |
| 700 ## - PUNTO DE ACCESO ADICIONAL-NOMBRE DE PERSONA |
| Nombre de persona |
Grotio, Hugo |
| Término indicativo de función |
notas |
| 9 (RLIN) |
26370 |
| 700 ## - PUNTO DE ACCESO ADICIONAL-NOMBRE DE PERSONA |
| Nombre de persona |
Abbiati, Ioseph |
| Término indicativo de función |
sculp |
| 9 (RLIN) |
26371 |
| 700 ## - PUNTO DE ACCESO ADICIONAL-NOMBRE DE PERSONA |
| Nombre de persona |
Farnabii. Tomas |
| Término indicativo de función |
corre |
| 9 (RLIN) |
26372 |
| 752 ## - PUNTO DE ACCESO ADICIONAL-NOMBRE JERÁRQUICO DE LUGAR |
| País o entidad superior |
Italia |
| Ciudad |
Padua |
| 942 ## - ENTRADA DE ELEMENTOS AGREGADOS (KOHA) |
| Fuente de clasificaión o esquema |
|
| Koha [por defecto] tipo de item |
Libro Antiguo |